Memòria /
Descripción Física:
Volums ; 24 cm
Idioma:
Catalán
MARC
| LEADER | 00000nam a2200000Ia 4500 | ||
|---|---|---|---|
| 001 | 6292, 9435, 9823, 10416, 10643, 11123, 11408, 11680, 12100, 12306, 13157, 14110, 15758, 16616 , 17248 | ||
| 003 | Arxiu | ||
| 005 | 20260324181021.0 | ||
| 008 | 160829c1987 spc xx s cat c | ||
| 040 | |a AGDB | ||
| 041 | |a cat | ||
| 080 | |a FU-6-8, FU-10-39, FU-10-40, FU-10-41, FU-10-42, FU-10-43, A-1-274, A-1-275, A-1-276, A-1-277, A-2-115, A-2-128, A-2-145, A-2-190, A-2-219, A-2-237 | ||
| 110 | 2 | |a Arxiu Històric de Sabadell |9 56045 | |
| 245 | 1 | 0 | |a Memòria / |c Arxiu Històric de Sabadell |
| 260 | |a Sabadell : |b Arxiu Històric de Sabadell, |c 1987- | ||
| 300 | |a Volums ; |c 24 cm | ||
| 310 | |a Anual | ||
| 610 | 2 | 0 | |a Arxiu Històric de Sabadell |9 56045 |
| 610 | 2 | 0 | |a Arxiu Històric de Sabadell |v Revistes |9 56046 |
| 866 | |a 1986, 1990, 1991, 1992, 1993, 1994, 1995, 1996, 1997, 1998, 1999, 2000, 2001, 2002, 2003, 2004 | ||
| 901 | |a Arxiu | ||
| 942 | |n 1 |2 udc |c ARXIU | ||
| 952 | |0 0 |1 0 |4 0 |6 FU68_A1274_A1275_A1276_A1277_A2115_A2128_A2145_A2190_A2219_A2237 |7 1 |9 41314 |a Arxiu |b Arxiu |d 2016-12-01 |o FU-6-8, A-1-274, A-1-275, A-1-276, A-1-277, A-2-115, A-2-128, A-2-145, A-2-190, A-2-219, A-2-237 |p 6292 |r 2016-12-01 00:00:00 |w 2016-12-01 |y ARXIU | ||
| 952 | |0 0 |1 0 |4 0 |6 FU1039 |7 1 |9 65765 |a Arxiu |b Arxiu |d 2023-03-23 |h 1990 |l 0 |o FU-10-39 |p 9435 |r 2023-03-23 00:00:00 |w 2023-03-23 |y ARXIU | ||
| 952 | |0 0 |1 0 |4 0 |6 FU1040 |7 1 |9 65766 |a Arxiu |b Arxiu |d 2023-03-23 |h 1991 |l 0 |o FU-10-40 |p 9823 |r 2023-03-23 00:00:00 |w 2023-03-23 |y ARXIU | ||
| 952 | |0 0 |1 0 |4 0 |6 FU1041 |7 1 |9 65767 |a Arxiu |b Arxiu |d 2023-03-23 |h 1992 |l 0 |o FU-10-41 |p 10416 |r 2023-03-23 00:00:00 |w 2023-03-23 |y ARXIU | ||
| 952 | |0 0 |1 0 |4 0 |6 FU1042 |7 1 |9 65768 |a Arxiu |b Arxiu |d 2023-03-23 |h 1993 |l 0 |o FU-10-42 |p 10643 |r 2023-03-23 00:00:00 |w 2023-03-23 |y ARXIU | ||
| 952 | |0 0 |1 0 |4 0 |6 FU1043 |7 1 |9 65769 |a Arxiu |b Arxiu |d 2023-03-23 |h 1994 |l 0 |o FU-10-43 |p 11123 |r 2023-03-23 00:00:00 |w 2023-03-23 |y ARXIU | ||
| 999 | |c 43097 |d 43097 | ||